00297nam a2200121Ia 4500008004100000041000800041082001600049100002300065245002000088260002700108300003100135365000900166240624s9999 xx 000 0 und d aeng a650.142 KEN aKENNEDY JOYCE LAIN aCVS FOR DUMMIES c2011aNew DelhibWiley axvi, : 252 : p. : cm. ; 21 cb38